Culture Générale - Série 731 - Statistiques

Statistiques générales
  • Ce quiz a été pris 204 fois
  • Le résultat moyen est 7 sur 10
Statistiques - réponses
Question Réponse % Correct
Combien de femmes le roi Henri VIII d'Angleterre a-t-il épousées ? 6
94%
Complétez le titre du roman d'Umberto Eco, "Le nom de la ... rose
91%
Complétez le proverbe : "Une hirondelle ne fait pas le... printemps
88%
Comme l'atteste l'étymologie du mot, quelle partie du corps pique-t-on, lors d'une séance d'"auriculothérapie" ? oreille
86%
Quel mot latin, signifiant "je", désigne le moi, la représentation et la conscience que l'on a de soi-même ? ego
76%
Les deux pays organisateurs de l'Euro 2008 de football, étaient Autriche et... Suisse
73%
Dans la BD d'Edgar P. Jacobs, comment s'appelle le spécialiste en physique nucléaire, ami de Francis Blake ? Philip Mortimer
58%
Quel animal sauvage est le symbole des Ardennes ? sanglier
57%
Quelle race de chien de chasse à poil ras et oreilles tombantes, porte le même nom que l'un des peintres initiateurs du cubisme ? braque
28%
Complétez le titre du film réalisé en 1973 par Clint Eastwood, "L'homme des ... hautes plaines
20%
Aucun quiz correspondant
Distribution des résultats
% des personnes avec chaque résultat
Percentile par nombre de réponses
Votre historique - résultats
Vous n’avez pas pris ce quiz